| 000 | 01445nam0a2200349 4500 | ||
|---|---|---|---|
| 001 | RU\NLR\b_ik\200488 | ||
| 005 | 20250613195024.0 | ||
| 010 |
_a978-5-93057-485-2 _9100 |
||
| 021 |
_aRU _b2013-17266 _91218 |
||
| 035 | _a(NLR Aleph) 009996327 | ||
| 090 |
_a9764126 _c9764126 |
||
| 100 | _a20130321d2012 |||y0rusy50 ca | ||
| 101 | 0 | _afre | |
| 102 | _aRU | ||
| 105 | _aa ||||||||| | ||
| 200 | 1 |
_aCalcul des constructions en beton arme _dРасчет железобетонных конструкций _eregles B.A.E.l. 91/99 _fKolmogorov Anatoli _zrus |
|
| 205 | _a2-e éd., corr. et compl. | ||
| 210 |
_aConakry _c[s.n.] _aTomsk _cИзд-во ТГАСУ _d2012 |
||
| 215 |
_a419 с. _cил. _d21 |
||
| 300 | _aОбл. на рус. яз. | ||
| 300 | _aАвт. также на рус. яз.: А.Г. Колмогоров | ||
| 320 | _aБиблиогр.: с. 419 (7 назв.) | ||
| 510 | 1 |
_6z45790 _aРасчет железобетонных конструкций _zrus |
|
| 606 | 1 |
_aЖелезобетонные конструкции _jУчебные издания _xРасчет _91049490 _3RU\NLR\auth\66405440 |
|
| 686 | _aН53-028я7 | ||
| 700 | 1 |
_aKolmogorov _bA. G. _gAnatolij Gavrilovič _4070 |
|
| 790 | 1 |
_6z45510 _aКолмогоров _bА. Г. _gАнатолий Гаврилович _4070 |
|
| 801 | 0 |
_aRU _bNLR _c20130321 _gRCR |
|
| 801 | 1 |
_aRU _bNLR _c20130321 |
|
| 942 | _cBOOK | ||
| 980 | _aNB | ||